<?xml version="1.0" encoding="UTF-8"?>
<marc:record xmlns:marc="http://www.loc.gov/MARC21/slim">
   <marc:leader>00000nam a2200000 a 4500</marc:leader>
   <marc:datafield ind1=" " ind2=" " tag="653">
      <marc:subfield code="a">JN</marc:subfield>
   </marc:datafield>
   <marc:datafield ind1=" " ind2=" " tag="653">
      <marc:subfield code="a">Klima</marc:subfield>
   </marc:datafield>
   <marc:datafield ind1=" " ind2=" " tag="653">
      <marc:subfield code="a">Klima und Umweltschutz</marc:subfield>
   </marc:datafield>
   <marc:datafield ind1=" " ind2=" " tag="653">
      <marc:subfield code="a">Klima und Umweltschutz 10-12 Jahre</marc:subfield>
   </marc:datafield>
   <marc:datafield ind1=" " ind2=" " tag="653">
      <marc:subfield code="a">Klimapolitik</marc:subfield>
   </marc:datafield>
   <marc:datafield ind1=" " ind2=" " tag="653">
      <marc:subfield code="a">Klimawandel</marc:subfield>
   </marc:datafield>
   <marc:datafield ind1=" " ind2=" " tag="653">
      <marc:subfield code="a">Klimaziele</marc:subfield>
   </marc:datafield>
   <marc:datafield ind1=" " ind2=" " tag="653">
      <marc:subfield code="a">LEADER</marc:subfield>
   </marc:datafield>
   <marc:datafield ind1=" " ind2=" " tag="653">
      <marc:subfield code="a">Mini-Bib</marc:subfield>
   </marc:datafield>
   <marc:datafield ind1=" " ind2=" " tag="653">
      <marc:subfield code="a">Müll</marc:subfield>
   </marc:datafield>
   <marc:datafield ind1=" " ind2=" " tag="653">
      <marc:subfield code="a">NNÖ</marc:subfield>
   </marc:datafield>
   <marc:datafield ind1=" " ind2=" " tag="653">
      <marc:subfield code="a">Nachhaltigkeit</marc:subfield>
   </marc:datafield>
   <marc:datafield ind1=" " ind2=" " tag="653">
      <marc:subfield code="a">Naturpädagogik</marc:subfield>
   </marc:datafield>
   <marc:datafield ind1=" " ind2=" " tag="653">
      <marc:subfield code="a">PIU</marc:subfield>
   </marc:datafield>
   <marc:datafield ind1=" " ind2=" " tag="653">
      <marc:subfield code="a">Plastik</marc:subfield>
   </marc:datafield>
   <marc:datafield ind1=" " ind2=" " tag="653">
      <marc:subfield code="a">Umwelterziehung</marc:subfield>
   </marc:datafield>
   <marc:datafield ind1=" " ind2=" " tag="653">
      <marc:subfield code="a">Umweltschutz</marc:subfield>
   </marc:datafield>
   <marc:datafield ind1=" " ind2=" " tag="653">
      <marc:subfield code="a">Unterricht</marc:subfield>
   </marc:datafield>
   <marc:datafield ind1=" " ind2=" " tag="653">
      <marc:subfield code="a">VLG</marc:subfield>
   </marc:datafield>
   <marc:datafield ind1="0" ind2="0" tag="245">
      <marc:subfield code="a">Box Mini-Bib Klima- und Umweltschutz 10-12 Jahre</marc:subfield>
   </marc:datafield>
   <marc:datafield ind1="1" ind2=" " tag="520">
      <marc:subfield code="a">JN	Benedetto, Carola		Storys für Kinder, die die Welt retten wollen&#xD;
JN	Eck, Janine		100 Dinge, die du für die Erde tun kannst&#xD;
JN	French, Jess		So viel Müll!&#xD;
JN	Jose, Sarah		Pflanzen. Bäume, Blumen und Gräser in über 1000 Bildern&#xD;
JN	Maas, Annette		Mein weit gereister Erdbeer-Joghurt&#xD;
JN	Preuss, Kirsten		Themenheft: Klima und Klimawandel&#xD;
JN	Pypke, Susanne		Basteln for Future&#xD;
JN	Schott, Hanna		Klimahelden&#xD;
JN	Schulz, Christoph		Nachhaltig leben. Die Challenge&#xD;
JN	Wilson, Hannah		Weniger ins Meer&#xD;
JN				Zu gut für die Tonne&#xD;
JG	Marshall, Tim		Was unsere Welt zusammenhält&#xD;
J.SER	memo Wissen entdecken	Klimawandel. Hitze, Stürme, Überschwemmung&#xD;
J.SER	Was ist Was 		Klima. Eiszeiten und Klimawandel&#xD;
PIU	Cornell, Joseph		Cornells Naturerfahrungsspiele für Kinder und Jugendliche&#xD;
PIE	Renz-Polster, Herbert	Wie Kinder heute wachsen&#xD;
PIU	Ernst, Kati		Projekt zu &#x84;Müll. Alles über die lästigste Sache der Welt&#x93;&#xD;
PIU	Iven, Wiebke		Wir werden eine plastikfreie Klasse!&#xD;
VLG	Smarticular		Selber machen statt kaufen&#xD;
VLG	Röttgen, Monika		Die klimafreundliche Küche&#xD;
VLH	Schüler, Charlotte		Do it yourself! Einfach plastikfrei leben&#xD;
VLH	Hermann, Ines		Grüner Putzen. Natürliche Reinigungsmittel&#xD;
NNB	Darwin, Charles		Die Entstehung der Arten&#xD;
NNÖ	Bremm, Ulrike		Every Day for Future. 100 Dinge, die du selbst tun kannst&#xD;
NNÖ	Grießhammer, Rainer	Klimaretten. Jetzt Politik und Leben ändern&#xD;
NNÖ	Smarticular		Plastik Sparbuch&#xD;
NNÖ	Quaschning, Volker		Erneuerbare Energien und Klimaschutz&#xD;
NNÖ	Volkmer, Ina		Every Day for Future. Bucket List für ein nachhaltiges Leben&#xD;
CD	Every Day for Future	100 praktische Dinge, um das Klima zu schützen&#xD;
CD	Fröhlich, Susanne		Weltretten für Anfänger&#xD;
&#xD;
Spiel	NNÖ			Die 50 Tage Nachhaltigkeits-Challenge</marc:subfield>
   </marc:datafield>
</marc:record>
